| 000 | 01284nmc a2200421 a 4500 | ||
|---|---|---|---|
| 003 | AR-BaBNM | ||
| 005 | 20251128210000.0 | ||
| 008 | 011101s1996 ||||||||||||||000 | spa|| | ||
| 040 | _cAR-BaBNM | ||
| 110 | 1 |
_aArgentina _bMinisterio de Cultura y Educación |
|
| 245 | 1 | 0 |
_aCiencias sociales _n1 |
| 260 |
_aBuenos Aires _bMinisterio de Cultura y Educación de la Nación _c1996 |
||
| 300 |
_a344 p. _bgráfs., tablas |
||
| 490 | 0 | _aFuentes para la transformación curricular | |
| 500 | _aContiene referencias bibliográficas y nómina de especialistas consultados | ||
| 650 | 4 | _aENSEÑANZA DE LAS CIENCIAS SOCIALES | |
| 650 | 4 | _aFORMACION DE DOCENTES | |
| 650 | 4 | _aANTROPOLOGIA | |
| 650 | 4 | _aHISTORIA | |
| 650 | 4 | _aECONOMIA | |
| 650 | 4 | _aGEOGRAFIA | |
| 650 | 4 | _aSOCIOLOGIA | |
| 651 | 4 | _aArgentina | |
| 653 | _aCONTENIDOS BASICOS COMUNES | ||
| 653 | _aEDUCACION GENERAL BASICA | ||
| 653 | _aEDUCACION POLIMODAL | ||
| 653 | _aCONTENIDOS CURRICULARES | ||
| 700 | 1 | _aCairns, Douglas | |
| 700 | 1 | _aArgov, Dafna | |
| 700 | 1 | _aBorton, Aristóbulo | |
| 700 | 1 | _aNovaro, Gabriela | |
| 700 | 1 | _aDevoto, Fernando J. | |
| 700 | 1 | _aDiamand, Marcelo | |
| 700 | 1 | _aDurán, Diana | |
| 700 | 1 |
_aDecibe, Susana B. _eprologuista |
|
| 942 | _cBK | ||
| 998 | _carturo | ||
| 999 |
_c13595 _d13595 |
||